<?xml version="1.0" encoding="UTF-8"?>
<record
    xmlns:xsi="http://www.w3.org/2001/XMLSchema-instance"
    xsi:schemaLocation="http://www.loc.gov/MARC21/slim http://www.loc.gov/standards/marcxml/schema/MARC21slim.xsd"
    xmlns="http://www.loc.gov/MARC21/slim">

  <leader>01147nam a2200301 a 4500</leader>
  <controlfield tag="001">54832</controlfield>
  <controlfield tag="003">BD-RjUL</controlfield>
  <controlfield tag="005">20211209080156.0</controlfield>
  <controlfield tag="008">161112s1989    nyua     b    101 0 eng  </controlfield>
  <datafield tag="020" ind1=" " ind2=" ">
    <subfield code="a">0521370655 (Cambridge)</subfield>
  </datafield>
  <datafield tag="035" ind1=" " ind2=" ">
    <subfield code="a">(BD-RjUL)54954</subfield>
  </datafield>
  <datafield tag="040" ind1=" " ind2=" ">
    <subfield code="a">DLC</subfield>
    <subfield code="c">DLC</subfield>
    <subfield code="d">BD-RjUL</subfield>
    <subfield code="b">eng</subfield>
  </datafield>
  <datafield tag="041" ind1=" " ind2=" ">
    <subfield code="a">eng</subfield>
  </datafield>
  <datafield tag="082" ind1="0" ind2="0">
    <subfield code="a">660.62</subfield>
    <subfield code="2">23</subfield>
    <subfield code="b">MIC 1989</subfield>
  </datafield>
  <datafield tag="245" ind1="0" ind2="0">
    <subfield code="a">Microbial products :</subfield>
    <subfield code="b">new approaches : Forty-fourth Symposium of the Society for General Microbiology held at the University of Cambridge, April 1989 /</subfield>
    <subfield code="c">edited by S. Baumberg, I. Hunter, and M. Rhodes.</subfield>
  </datafield>
  <datafield tag="260" ind1=" " ind2=" ">
    <subfield code="a">New York :</subfield>
    <subfield code="b">Cambridge University Press,</subfield>
    <subfield code="c">1989.</subfield>
  </datafield>
  <datafield tag="300" ind1=" " ind2=" ">
    <subfield code="a">viii, 383 p. :</subfield>
    <subfield code="b">ill. ;</subfield>
    <subfield code="c">24 cm.</subfield>
  </datafield>
  <datafield tag="490" ind1=" " ind2=" ">
    <subfield code="a">Symposium of the Society for General Microbiology, </subfield>
    <subfield code="v">47</subfield>
  </datafield>
  <datafield tag="504" ind1=" " ind2=" ">
    <subfield code="a">Includes bibliographical references.</subfield>
  </datafield>
  <datafield tag="650" ind1=" " ind2="0">
    <subfield code="a">Microbial metabolism</subfield>
    <subfield code="x">Congresses.</subfield>
    <subfield code="9">163465</subfield>
  </datafield>
  <datafield tag="650" ind1=" " ind2="0">
    <subfield code="a">Industrial microbiology</subfield>
    <subfield code="9">163466</subfield>
  </datafield>
  <datafield tag="650" ind1=" " ind2="0">
    <subfield code="a">Biotechnology</subfield>
    <subfield code="9">163467</subfield>
  </datafield>
  <datafield tag="700" ind1="1" ind2=" ">
    <subfield code="a">Baumberg, S.</subfield>
    <subfield code="9">163468</subfield>
  </datafield>
  <datafield tag="700" ind1="1" ind2=" ">
    <subfield code="a">Hunter, I.</subfield>
    <subfield code="9">163469</subfield>
  </datafield>
  <datafield tag="700" ind1="1" ind2=" ">
    <subfield code="a">Rhodes, M.</subfield>
    <subfield code="9">163470</subfield>
  </datafield>
  <datafield tag="830" ind1=" " ind2=" ">
    <subfield code="a">Symposium of the Society for General Microbiology</subfield>
    <subfield code="v">44</subfield>
    <subfield code="9">163473</subfield>
  </datafield>
  <datafield tag="942" ind1=" " ind2=" ">
    <subfield code="2">ddc</subfield>
    <subfield code="c">BK</subfield>
  </datafield>
  <datafield tag="999" ind1=" " ind2=" ">
    <subfield code="c">54832</subfield>
    <subfield code="d">54832</subfield>
  </datafield>
  <datafield tag="952" ind1=" " ind2=" ">
    <subfield code="0">0</subfield>
    <subfield code="1">0</subfield>
    <subfield code="2">ddc</subfield>
    <subfield code="4">0</subfield>
    <subfield code="7">0</subfield>
    <subfield code="8">NFIC</subfield>
    <subfield code="a">RUCL</subfield>
    <subfield code="b">RUCL</subfield>
    <subfield code="c">Stack</subfield>
    <subfield code="d">1979-07-01</subfield>
    <subfield code="e">Dhaka, Ahsonia mission Book House,</subfield>
    <subfield code="g">4837.95</subfield>
    <subfield code="l">0</subfield>
    <subfield code="o">660.62 MIC 1989</subfield>
    <subfield code="r">2016-11-12 00:00:00</subfield>
    <subfield code="t">C-2</subfield>
    <subfield code="w">2016-11-12</subfield>
    <subfield code="y">BK</subfield>
  </datafield>
  <datafield tag="952" ind1=" " ind2=" ">
    <subfield code="0">0</subfield>
    <subfield code="1">0</subfield>
    <subfield code="2">ddc</subfield>
    <subfield code="4">0</subfield>
    <subfield code="7">1</subfield>
    <subfield code="8">NFIC</subfield>
    <subfield code="a">RUCL</subfield>
    <subfield code="b">RUCL</subfield>
    <subfield code="c">Reading</subfield>
    <subfield code="d">1997-07-01</subfield>
    <subfield code="e">Dhaka, Ahsania mission book dis. home.</subfield>
    <subfield code="g">4837.00</subfield>
    <subfield code="l">0</subfield>
    <subfield code="o">660.62 MIC 1989</subfield>
    <subfield code="r">2017-04-10 00:00:00</subfield>
    <subfield code="t">C-1</subfield>
    <subfield code="w">2017-04-10</subfield>
    <subfield code="y">BK</subfield>
  </datafield>
</record>
